| 000 | 01336nam0a22002651 4500 | ||
|---|---|---|---|
| 001 | rc\695317 | ||
| 005 | 20031121170334.9 | ||
| 035 | _a(NLR Aleph) 005931763 | ||
| 090 |
_a6585906 _c6585906 |
||
| 100 | _a20031121d1985 u |0rusy50 ca | ||
| 101 | 0 | _arus | |
| 102 | _aRU | ||
| 105 | _ay ||||||||| | ||
| 200 | 1 |
_aЛатинская Америка в борьбе за свою подлинную независимость _e[Материалы встречи, Гавана, 4-7 сент. 1981 г. _eПер. с исп.] _fОбщая ред. С.М. Чуркина _gПослесл. В.Е. Травкина |
|
| 210 |
_aМ. _cПрогресс _d1985 |
||
| 215 |
_a139, [1] с. _d20 |
||
| 300 | _aПеревод изд.: Nuestra America en lucha por su verdadera independencia (Ed. nuestro tiempo) | ||
| 320 | _aУказ. имен., геогр.: с. 134-138 | ||
| 702 | 1 |
_aЧуркин _bС. М. _4340 |
|
| 712 | 1 | 2 |
_aВстреча представителей интеллигенции стран Латинской Америки и Карибского бассейна, посвященная борьбе народов этого региона за суверенитет _d1 _f1981 _eГавана _3RU\NLR\AUTH\889972663 |
| 801 | 0 |
_aRU _bNLR _gpsbo |
|
| 801 | 1 |
_aRU _bELAR _2rusmarc |
|
| 852 |
_aNLR _j86-3/2827 |
||
| 942 | _cBOOK | ||
| 980 | _aNB | ||